| 000 | 00416cam a2200169ua 4500 | ||
|---|---|---|---|
| 020 | _c5.00 | ||
| 041 |
_amal _h |
||
| 082 |
_a928 _bANA/KE |
||
| 100 | _aAnanthan pillai, P . | ||
| 245 |
_aKerala panini / _cP Ananthan pillai. _hTextual Documents |
||
| 260 |
_aThiruvananthapuram : _bBalan publications , _c1961. |
||
| 300 | _a236 ; . | ||
| 365 | _a5.00 | ||
| 504 | _a | ||
| 942 | _cBK | ||
| 999 |
_c6705 _d6705 |
||